Home Print Resources E-Books E-Journals IIMT Lecture Series Library Membership Form Book Recommendation Form Campus Tour Take AdmissionAbout Us Contact Us

CONSUMER BEHAVIOR (Record no. 56165)

000 -LEADER
fixed length control field 00371nam a22001577a 4500
003 - CONTROL NUMBER IDENTIFIER
control field OSt
005 - DATE AND TIME OF LATEST TRANSACTION
control field 20240322111220.0
008 - FIXED-LENGTH DATA ELEMENTS--GENERAL INFORMATION
fixed length control field 221210b xxu||||| |||| 00| 0 eng d
020 ## - INTERNATIONAL STANDARD BOOK NUMBER
International Standard Book Number 9353069831
040 ## - CATALOGING SOURCE
Transcribing agency IIMT UNIVERSITY, MEERUT
100 ## - MAIN ENTRY--PERSONAL NAME
Personal name SCHIFFMAN
245 ## - TITLE STATEMENT
Title CONSUMER BEHAVIOR
260 ## - PUBLICATION, DISTRIBUTION, ETC.
Place of publication, distribution, etc. NEW DELHI
Name of publisher, distributor, etc. PEARSON INDIA
Date of publication, distribution, etc. 2022
300 ## - PHYSICAL DESCRIPTION
Extent 670
942 ## - ADDED ENTRY ELEMENTS (KOHA)
Source of classification or shelving scheme
Koha item type Text-Book- for 7 days
Holdings
Withdrawn status Lost status Source of classification or shelving scheme Damaged status Not for loan Home library Current library Date acquired Source of acquisition Cost, normal purchase price Inventory number Total Checkouts Barcode Date last seen Price effective from Koha item type
          IIMT University Central Library Meerut IIMT University Central Library Meerut 12/10/2022 ARISTA PUBLICATION 950.00 HO/IN/130   01-B-138615 12/10/2022 12/06/2022 Text-Book- for 7 days
          IIMT University Central Library Meerut IIMT University Central Library Meerut 12/10/2022 ARISTA PUBLICATION 950.00 HO/IN/130   01-B-138616 12/10/2022 12/06/2022 Text-Book- for 7 days
          IIMT University Central Library Meerut IIMT University Central Library Meerut 12/10/2022 ARISTA PUBLICATION 950.00 HO/IN/130   01-B-138617 12/10/2022 12/06/2022 Text-Book- for 7 days
          IIMT University Central Library Meerut IIMT University Central Library Meerut 12/10/2022 ARISTA PUBLICATION 950.00 HO/IN/130   01-B-138618 12/10/2022 12/06/2022 Text-Book- for 7 days
IIMT, Central Library. All Rights Reserved IIMT,UNIVERSITY © 2023
Implemented and Customised by I CLOUDE EMS
You Are OPAC Visitor No
free web counter

Powered by Koha